LEADER 01310nam a2200325 u 4500 001 000000066737 003 CaOOAMICUS 005 20070226121617.0 008 020123m19851986gw u000 u ger u 020 $a3170090143 (v.3) 020 $a3170090151 (v.4) 035 $a10917698 040 $aPUL(R)$bita 245 14$aDie neueste Zeit /$cMartin Greschat (Hrsg.) 260 $aStuttgart :$bW. Kohlhammer,$c. 300 $av. <3-4 > ;$c24 cm 490 1 $aGestalten der Kirchengeschichte ;$vBd. 10.1-2 500 $aComprende indice. 504 $aBibliografia in nota. 650 4$aTeologia$ySec. XX.$0(OLS)http://pul/subject/1844 700 1 $aGreschat, Martin,$d1934-2017.$0(OLS)http://pul/name/35349 830 0$aGestalten der Kirchengeschichte ;$vBd. 10.1-2.$0(OLS)http://pul/title/88579 850 $aPUL 852 $aPUL$W1$xSL Filosofia 1$y2$m105(1) F 10.1-2$j86308$nBK-PRI$b $qStampati$B86308$CPULBib$Z2$F86308 $H $81 941 1 $a8 961 $aINV: 53483 - 54129 996 $6020$a3170090143 (v.3)$9(OLS)http://pul/number/86566 996 $6020$a3170090151 (v.4)$9(OLS)http://pul/number/86567 996 $6245$aDie neueste Zeit$9(OLS)http://pul/title/88583 996 $6260$aStuttgart :$bW. Kohlhammer$9(OLS)http://pul/publisher/48214 LEADER 01395nam a2200301 a 4500 001 000000141279 003 CaOOAMICUS 005 20150120104252.0 008 150120s2014 it u000 u ita r 020 $a978-88-6879-087-5 040 $aPUL$bita 082 04$a253 100 1 $aPérez-Soba Diez Del Corral, Juan,$csac.,$d1964-$0(OLS)http://pul/name/41481 245 13$aIl vangelo della famiglia nel dibattito sinodale :$boltre la proposta del cardinal Kasper /$cJuan José Pérez-Soba, Stephan Kampowski ; con una prefazione di S.E. Card. George Pell. 260 $aSiena :$bCantagalli,$c2014. 300 $a237 p. ;$c24 cm 504 $aBibliografia in nota. 650 4$aFamiglia$xConcezione cristiana.$0(OLS)http://pul/subject/38788 700 1 $aPell, George.$0(OLS)http://pul/name/52659 700 1 $aKampowski, Stephan Martin.$0(OLS)http://pul/name/57074 850 $aPUL 852 $aPUL$W1$xSL Religione 3$y85$m253 PERJU 1$j163127$qDDC 21$B162951$CPULBib$Z2$F162951 $H125274 $82 941 1 $a9 996 $6020$a978-88-6879-087-5$9(OLS)http://pul/number/156758 996 $6082$a253$9(OLS)http://pul/classification/487 996 $6245$aIl vangelo della famiglia nel dibattito sinodale :$boltre la proposta del cardinal Kasper$9(OLS)http://pul/title/178771 996 $6260$aSiena :$bCantagalli$9(OLS)http://pul/publisher/48759